000 00226nam a22000977a 4500
100 _aJoseph, P.
245 _aNilamorukkam yanthrangalupayogichu
260 _bRubber, 707(April): 6-10.
_c2025
300 _bMalayalam
942 _cJS
999 _c75505
_d75505